Statistics for Building Style by City 2

Click here to take the quiz!

General Stats

  • This quiz has been taken 14 times
  • The average score is 4 of 12

Answer Stats

Answer% Correct
Amsterdam
80%
New York
70%
London
50%
Charleston
40%
Ankara
20%
Berlin
20%
Jerusalem
20%
New Orleans
20%
Stockholm
20%
Zurich
20%
Kuala Lumpur
10%
Warsaw
10%

Score Distribution

Percentile by Number Answered

Percent of People with Each Score

Your Score History

You have not taken this quiz